Future of HRD (Record no. 5473)
[ view plain ]
| 000 -LEADER | |
|---|---|
| fixed length control field | 00344nam a2200157Ia 4500 |
| 008 - FIXED-LENGTH DATA ELEMENTS--GENERAL INFORMATION | |
| fixed length control field | 191201s2009 xx 000 0 und d |
| 020 ## - INTERNATIONAL STANDARD BOOK NUMBER | |
| International Standard Book Number | 9781403909886 |
| 082 ## - DEWEY DECIMAL CLASSIFICATION NUMBER | |
| Classification number | 658.31 |
| Item number | RAF |
| 100 ## - MAIN ENTRY--PERSONAL NAME | |
| Personal name | RAO, T V |
| 245 #0 - TITLE STATEMENT | |
| Title | Future of HRD |
| 250 ## - EDITION STATEMENT | |
| Edition statement | Rep |
| 260 ## - PUBLICATION, DISTRIBUTION, ETC. (IMPRINT) | |
| Place of publication, distribution, etc | N.Delhi |
| Name of publisher, distributor, etc | Macmillan |
| Date of publication, distribution, etc | 2009 |
| 300 ## - PHYSICAL DESCRIPTION | |
| Extent | 218 |
| 650 ## - SUBJECT ADDED ENTRY--TOPICAL TERM | |
| Topical term or geographic name as entry element | MBA |
| 942 ## - ADDED ENTRY ELEMENTS (KOHA) | |
| Source of classification or shelving scheme | Dewey Decimal Classification |
| Koha item type | Text Books |
| Withdrawn status | Lost status | Source of classification or shelving scheme | Damaged status | Not for loan | Collection code | Home library | Current library | Date acquired | Source of acquisition | Cost, normal purchase price | Bill Number | Total Checkouts | Full call number | Acc. no. / Barcode | Date last seen | Date last borrowed | Bill Date | Koha item type | Checked out | Public note |
|---|---|---|---|---|---|---|---|---|---|---|---|---|---|---|---|---|---|---|---|---|
| Dewey Decimal Classification | MBA | PIET C-LIBRARY | PIET C-LIBRARY | 25/08/2012 | IBH, New Delhi | 299.00 | 9099 | 1 | 658.31 RAF | 20757 | 23/12/2021 | 06/12/2021 | 24/08/2012 | Text Books | ||||||
| Dewey Decimal Classification | MBA | PIET C-LIBRARY | PIET C-LIBRARY | 25/08/2012 | IBH, New Delhi | 299.00 | 9099 | 1 | 658.31 RAF | 20758 | 30/09/2020 | 27/08/2020 | 24/08/2012 | Text Books | ||||||
| Dewey Decimal Classification | MBA | PIET C-LIBRARY | PIET C-LIBRARY | 25/08/2012 | IBH, New Delhi | 299.00 | 9099 | 1 | 658.31 RAF | 20759 | 22/01/2022 | 22/01/2022 | 24/08/2012 | Text Books | 21/07/2022 | . | ||||
| Dewey Decimal Classification | MBA | PIET C-LIBRARY | PIET C-LIBRARY | 25/08/2012 | IBH, New Delhi | 299.00 | 9099 | 658.31 RAF | 20760 | 04/12/2019 | 24/08/2012 | Text Books | ||||||||
| Dewey Decimal Classification | MBA | PIET C-LIBRARY | PIET C-LIBRARY | 25/08/2012 | IBH, New Delhi | 299.00 | 9099 | 1 | 658.31 RAF | 20761 | 30/09/2020 | 27/08/2020 | 24/08/2012 | Text Books | ||||||
| Dewey Decimal Classification | MBA | PIET C-LIBRARY | PIET C-LIBRARY | 25/08/2012 | IBH, New Delhi | 299.00 | 9099 | 658.31 RAF | 20762 | 04/12/2019 | 24/08/2012 | Text Books | ||||||||
| Dewey Decimal Classification | MBA | PIET C-LIBRARY | PIET C-LIBRARY | 25/08/2012 | IBH, New Delhi | 299.00 | 9099 | 658.31 RAF | 20763 | 18/07/2020 | 24/08/2012 | Text Books |